La vertu des nations

Αποθηκεύτηκε σε:
Λεπτομέρειες βιβλιογραφικής εγγραφής
Κύριος συγγραφέας: Montferrand, Bernard de 1945-
Μορφή: Βιβλίο
Γλώσσα:French
Δημοσίευση: Paris : Hachette, 1993
Σειρά:Collection Pluriel. Intervention
Θέματα:
Ετικέτες: Προσθήκη ετικέτας
Δεν υπάρχουν, Καταχωρήστε ετικέτα πρώτοι!

MARC

LEADER 00000nam a2200000 i 4500
001 1/2977
008 960307s1993 fre d
035 |l 10015056 
040 |a GR-MY-UA  |b gre  |e aacr 
041 0 |a fre 
082 0 |a 320.1 
100 1 |a Montferrand, Bernard de  |d 1945- 
245 1 3 |a La vertu des nations /  |c Bernard de Montferrand 
260 |a Paris :   |b Hachette,   |c 1993 
300 |a 238 p. 
490 1 |a Collection Pluriel. Intervention 
650 0 0 |a State, The. 
650 0 0 |a Nation-state. 
830 0 |a Collection Pluriel. Intervention 
852 |a INST  |b LESVOS  |e 19960307  |h 320.1 ΜΟΝ  |p 005100006991  |q 005100006991  |t BK  |y 0 
909 |a Λ  |b 034902 
922 |a 1ΔΩΡ  |b 199401  |c ΤΚΑ